Movies Quiz

Random Movies or Quote Quiz

Can I quote you on that? Quiz Stats

 Plays Quiz not verified by Sporcle

Challenge
Share
Tweet
Score 0/50 Timer 15:00
0 Plays Today
Quote Actor/Actress % Correct
3.Leonardo DiCaprio
92%
4.Alan Rickman
88%
23.Anthony Hopkins
88%
25.Liam Neeson
88%
17.Tom Hanks
87.2%
26.Tom Hanks
87.2%
22.Sean Connery
85.6%
1.Clark Gable
84.8%
24.Harrison Ford
84.8%
14.Eddie Murphy
83.2%
19.Jack Nicholson
83.2%
21.Judy Garland
83.2%
37.Mel Gibson
83.2%
2.Marlon Brando
81.6%
15.Clint Eastwood
80.8%
30.Russell Crowe
80.8%
8.Arnold Schwarzenegger
79.2%
39.Samuel L. Jackson
79.2%
6.Sylvester Stallone
78.4%
11.Johnny Depp
77.6%
42.Bruce Willis
76%
10.Humphrey Bogart
74.4%
34.Jim Carrey
72%
40.Brad Pitt
72%
43.Robert De Niro
72%
Quote Actor/Actress % Correct
5.Andy Serkis
69.6%
16.Haley Joel Osment
68.8%
20.Gerard Butler
68%
31.Robert De Niro
68%
13.Al Pacino
67.2%
18.Chris Rock
65.6%
35.Heath Ledger
64%
45.Ellen DeGeneres
63.2%
49.Gene Wilder
62.4%
41.Joe Pesci
60.8%
27.Leslie Nielsen
58.4%
46.Jim Carrey
58.4%
47.Simon Pegg
58.4%
12.Dustin Hoffman
57.6%
33.John Cleese
52%
9.Chris Hemsworth
50.4%
50.Matt Damon
50.4%
7.Charlton Heston
48.8%
32.Sacha Baron Cohen
48.8%
28.Jeff Bridges
47.2%
36.Jason Statham
46.4%
38.Jake Gyllenhaal
46.4%
44.Matthew McConaughey
46.4%
48.Bill Murray
39.2%
29.Adam Sandler
36%

You're not logged in!

Compare scores with friends on all Sporcle quizzes.
OR
Log In

You Might Also Like...

Show Comments

Extras

Top Quizzes Today


Score Distribution

Your Account Isn't Verified!

In order to create a playlist on Sporcle, you need to verify the email address you used during registration. Go to your Sporcle Settings to finish the process.

Report this User

Report this user for behavior that violates our Community Guidelines.

Details: